Movies Quiz

Random Movies or Role Quiz

Actor Movie Chain: 2000s Quiz Stats

 Plays Quiz Updated Apr 29, 2019

Score 0/24 Timer 05:00
1 Play Today
% Correct
Mr. & Mrs. Smith
92.9%
Men in Black II
87.4%
Million Dollar Baby
81.2%
Walk the Line
78.6%
Evan Almighty
73.5%
Gladiator
73.4%
Hitch
73.3%
Star Wars II: Attack of the Clones
71.6%
Chicago
67.9%
Anchorman: The Legend of Ron Burgundy
64.2%
Training Day
62.6%
Moulin Rouge!
62.5%
% Correct
Old School
53.7%
V for Vendetta
49.6%
Legally Blonde
48.6%
LOTR: The Fellowship of the Ring
47.3%
The Curious Case of Benjamin Button
44.4%
American Gangster
44.4%
Cold Mountain
40.7%
Wanted
39.9%
Ghost Rider
32.3%
Space Cowboys
31.5%
Amelia
17.2%
Lord of War
10.6%

You're not logged in!

Compare scores with friends on all Sporcle quizzes.
OR
Log In

Sporcle TV

Today on Sporcle TV


Watch our educational content, quiz creation guides, and fun videos on Sporcle TV.

Show Comments

Extras

Top Quizzes Today


Score Distribution

Your Account Isn't Verified!

In order to create a playlist on Sporcle, you need to verify the email address you used during registration. Go to your Sporcle Settings to finish the process.

Report this User

Report this user for behavior that violates our Community Guidelines.

Details: